| 000 | 00426nam a22001697a 4500 | ||
|---|---|---|---|
| 003 | NUST - PNEC | ||
| 005 | 20170116181012.0 | ||
| 008 | 150913b xxu||||| |||| 00| 0 eng d | ||
| 020 | _a0471052531 | ||
| 040 | _cLIBRARY | ||
| 082 | _a006 GRA | ||
| 100 |
_910247 _aGradecki, Joe |
||
| 245 |
_aThe virtual reality programmer's kit _c Joe Gradecki |
||
| 260 | _cc.1994 | ||
| 650 |
_910252 _aVirtual reality |
||
| 942 |
_2ddc _cBK |
||
| 999 |
_c67135 _d67135 |
||